Tőzsdék Közép-Európában
Elmentve itt :
| Szerző: | |
|---|---|
| Adatforrás: | Meister |
| Forrásdokumentuma: | Korunk. - 7 sz., 1998, 102-104 p. |
| Nyelv: | magyar |
| Kulcsszavak: | intézménytörténet közgazdaság gazdasági intézmények tőzsdék |
| LEADER | 00419nab a2200157 i 4500 | ||
|---|---|---|---|
| 001 | bibPRO00009040 | ||
| 008 | 060524s1998 xx hun | ||
| 040 | |a Sz1 | ||
| 041 | |a hun | ||
| 100 | 1 | |a NAGY Gábor | |
| 245 | 1 | 0 | |a Tőzsdék Közép-Európában |c NAGY Gábor |
| 695 | |a intézménytörténet | ||
| 695 | |a közgazdaság | ||
| 695 | |a gazdasági intézmények | ||
| 695 | |a tőzsdék | ||
| 773 | 0 | |t Korunk. - |g 7 sz., 1998, 102-104 p. | |